000 00652nam a2200241Ia 4500
003 OSt
005 20221005040705.0
006 a|||||r|||| 00| 0
007 ta
008 221004b |||||||| |||| 00| 0 eng d
020 _a8187418109
024 _a29266
037 _cTextual
040 _aCRL
_cCRL
_beng
041 _2eng
_aeng
082 _aV2:25xM69:g, P0
245 0 _aRelevance of Gandhian thought edited by Chhaya Rai and Dashrath Singh
260 _aDelhi
_bNew Bharatiya Book Corporation
_c2000
300 _a268
_ccm.
650 _aHISTORY
942 _hV2:25xM69:g, P0
_cTEXL
_2cc
999 _c947333
_d947333